Les marqueurs d'essais en finale du Top 14 depuis 2000 - Statistiques

Statistiques générales
  • Ce quiz a été pris 14 fois
  • Le résultat moyen est 20 sur 69
Statistiques - réponses
Année Equipe Réponse % Correct
2024 Stade Toulousain Antoine Dupont
100%
2024 Stade Toulousain Antoine Dupont
100%
2025 Union Bordeaux-Bègles Damian Penaud
82%
2024 Stade Toulousain Ange Capuozzo
73%
2000 Colomiers Francis Ntamack
73%
2023 Stade Toulousain Romain Ntamack
73%
2025 Stade Toulousain Jack Willis
64%
2025 Stade Toulousain Jack Willis
64%
2024 Stade Toulousain Julien Marchand
64%
2009 ASM Clermont Napolioni Nalaga
64%
2010 ASM Clermont Napolioni Nalaga
64%
2024 Stade Toulousain Peato Mauvaka
64%
2008 ASM Clermont Aurélien Rougerie
55%
2024 Stade Toulousain Blair Kinghorn
55%
2025 Union Bordeaux-Bègles Matthieu Jalibert
55%
2025 Stade Toulousain Anthony Jelonch
45%
2008 Stade Toulousain Maxime Médard
45%
2013 Castres Olympique Rory Kockott
45%
2024 Stade Toulousain Thomas Ramos
45%
2024 Stade Toulousain Thomas Ramos
45%
2009 USA Perpignan David Marty
36%
2013 RC Toulon Delon Armitage
36%
2023 Stade Toulousain Santiago Chocobares
36%
2023 Stade Rochelais Uini Atonio
36%
2019 Stade Toulousain Yoann Huget
36%
2019 Stade Toulousain Yoann Huget
36%
2017 ASM Clermont Alivereti Raka
27%
2022 Montpellier HR Arthur Vincent
27%
2000 Stade Français Christophe Dominici
27%
2005 Stade Français Christophe Dominici
27%
2003 Stade Français Fabien Galthié
27%
2017 RC Toulon Josua Tuisova
27%
2016 RC Toulon Maxime Mermoz
27%
2022 Montpellier HR Anthony Bouthier
18%
2003 Stade Français Ignacio Corleto
18%
2004 Stade Français Ignacio Corleto
18%
2005 Biarritz Olympique Jean-Baptiste Gobelet
18%
2006 Biarritz Olympique Jean-Baptiste Gobelet
18%
2016 Racing 92 Joe Rokocoko
18%
2018 Castres Olympique Julien Dumora
18%
2014 Castres Olympique Max Evans
18%
2023 Stade Rochelais Tawera Kerr-Barlow
18%
2011 Montpellier HR Timoci Nagusa
18%
2008 Stade Toulousain William Servat
18%
2007 Stade Français Agustin Pichot
9%
2006 Biarritz Olympique Benoît August
9%
2000 Stade Français Christophe Laussucq
9%
2006 Biarritz Olympique Damien Traille
9%
2021 Stade Rochelais Dany Priso
9%
2024 Stade Toulousain David Ainuu
9%
2008 ASM Clermont Davit Zirakashvili
9%
2022 Montpellier HR Florian Verhaeghe
9%
2000 Stade Français Franck Comba
9%
2025 Union Bordeaux-Bègles Guido Petti
9%
2006 Biarritz Olympique Imanol Harinordoquy
9%
2016 RC Toulon Mamuka Gorgodze
9%
2004 USA Perpignan Pascal Bomati
9%
2002 Biarritz Olympique Philippe Bernat-Salles
9%
2007 Stade Français Radike Samo
9%
2006 Biarritz Olympique Sireli Bobo
9%
2018 Castres Olympique Steve Mafi
9%
2022 Castres Olympique Vilimoni Botitu
9%
2001 ASM Clermont Alexandre Audebert
0%
2000 Colomiers Fabrice Culinat
0%
2006 Stade Toulousain Gregory Lamboley
0%
2004 USA Perpignan Manuel Edmonds
0%
2002 SU Agen Matthieu Barrau
0%
2004 Stade Français Mauro Bergamasco
0%
2001 Stade Toulousain Michel Marfaing
0%
Aucun quiz correspondant
Distribution des résultats
% des personnes avec chaque résultat
Percentile par nombre de réponses
Votre historique - résultats
Vous n’avez pas pris ce quiz